[Event "II. rocnik Poharu plk. gst. Aloise Parala"]
[Site "?"]
[Date "2024.04.20"]
[Round "7.4"]
[White "Kulovana, Eva"]
[Black "Buchnicek, Petr"]
[Result "1-0"]
[BlackElo "2212"]
[WhiteElo "2070"]
[LiveChessVersion "1.4.8"]

1. e4 {[%clk 0:14:57]} e6 {[%clk 0:14:59]} 2. d4 {[%clk 0:14:55]} d5
{[%clk 0:14:58]} 3. Nd2 {[%clk 0:14:53]} dxe4 {[%clk 0:14:56]} 4. Nxe4
{[%clk 0:14:51]} Nd7 {[%clk 0:14:54]} 5. Nf3 {[%clk 0:14:43]} Ngf6
{[%clk 0:14:52]} 6. Bg5 {[%clk 0:14:35]} Be7 {[%clk 0:14:49]} 7. Nxf6+
{[%clk 0:14:33]} Nxf6 {[%clk 0:14:45]} 8. Bd3 {[%clk 0:14:21]} O-O
{[%clk 0:14:41]} 9. c3 {[%clk 0:14:17]} h6 {[%clk 0:14:34]} 10. Bh4
{[%clk 0:14:06]} b6 {[%clk 0:14:19]} 11. Qe2 {[%clk 0:13:54]} Bb7
{[%clk 0:14:15]} 12. O-O-O {[%clk 0:13:29]} Qd5 {[%clk 0:13:51]} 13. Kb1
{[%clk 0:13:22]} Qh5 {[%clk 0:13:34]} 14. Bg3 {[%clk 0:12:47]} Rac8
{[%clk 0:13:29]} 15. h3 {[%clk 0:11:57]} c5 {[%clk 0:13:12]} 16. Be5
{[%clk 0:11:40]} Bxf3 {[%clk 0:12:43]} 17. gxf3 {[%clk 0:11:32]} Nd7
{[%clk 0:12:30]} 18. Qe4 {[%clk 0:09:33]} f5 {[%clk 0:12:08]} 19. Qe3
{[%clk 0:09:12]} Bg5 {[%clk 0:10:30]} 20. f4 {[%clk 0:09:03]} Bh4
{[%clk 0:10:10]} 21. Bc4 {[%clk 0:08:32]} Rfe8 {[%clk 0:10:07]} 22. d5
{[%clk 0:07:35]} exd5 {[%clk 0:07:54]} 23. Rxd5 {[%clk 0:07:23]} Nxe5
{[%clk 0:07:46]} 24. fxe5 {[%clk 0:07:14]} Kh8 {[%clk 0:07:32]} 25. f4
{[%clk 0:06:56]} Re7 {[%clk 0:07:19]} 26. Rhd1 {[%clk 0:06:36]} Qg6
{[%clk 0:06:19]} 27. Rg1 {[%clk 0:04:47]} Qc6 {[%clk 0:05:47]} 28. Qd3
{[%clk 0:04:36]} Rf8 {[%clk 0:05:29]} 29. Bb5 {[%clk 0:03:40]} Qc7
{[%clk 0:04:56]} 30. Rd6 {[%clk 0:02:58]} Ref7 {[%clk 0:04:14]} 31. a4
{[%clk 0:02:53]} Rd8 {[%clk 0:04:04]} 32. Rd1 {[%clk 0:02:37]} Rxd6
{[%clk 0:03:47]} 33. exd6 {[%clk 0:02:34]} Qb7 {[%clk 0:03:45]} 34. Bc4
{[%clk 0:01:58]} Rf8 {[%clk 0:03:35]} 35. Bd5 {[%clk 0:01:43]} Qd7
{[%clk 0:03:34]} 36. Bb3 {[%clk 0:01:38]} Re8 {[%clk 0:03:24]} 37. Bc2
{[%clk 0:01:34]} Re4 {[%clk 0:02:56]} 38. Qf3 {[%clk 0:01:27]} Re1
{[%clk 0:02:36]} 39. Rxe1 {[%clk 0:01:24]} Bxe1 {[%clk 0:02:35]} 40. Qd5
{[%clk 0:01:18]} Bh4 {[%clk 0:02:12]} 41. Bxf5 {[%clk 0:01:15]} Qxa4
{[%clk 0:02:05]} 42. Qa8+ {[%clk 0:01:12]} 1-0

[Event "II. rocnik Poharu plk. gst. Aloise Parala"]
[Site "?"]
[Date "2024.04.20"]
[Round "7.5"]
[White "Kalendovsky, Jan"]
[Black "Stepan, Petr"]
[Result "1-0"]
[BlackElo "1835"]
[WhiteElo "1938"]
[LiveChessVersion "1.4.8"]

1. e4 {[%clk 0:14:56]} e6 {[%clk 0:14:53]} 2. d4 {[%clk 0:14:53]} c5
{[%clk 0:14:49]} 3. d5 {[%clk 0:14:38]} d6 {[%clk 0:14:31]} 4. c4
{[%clk 0:14:33]} Be7 {[%clk 0:14:25]} 5. Nf3 {[%clk 0:14:20]} Nf6
{[%clk 0:14:21]} 6. Nc3 {[%clk 0:14:17]} O-O {[%clk 0:14:15]} 7. Bd3
{[%clk 0:14:14]} exd5 {[%clk 0:14:09]} 8. exd5 {[%clk 0:14:05]} Bg4
{[%clk 0:13:59]} 9. O-O {[%clk 0:13:59]} Nbd7 {[%clk 0:13:55]} 10. h3
{[%clk 0:13:53]} Bh5 {[%clk 0:13:54]} 11. Bf4 {[%clk 0:13:32]} Ne5
{[%clk 0:13:31]} 12. Bxe5 {[%clk 0:13:09]} dxe5 {[%clk 0:13:28]} 13. Re1
{[%clk 0:12:58]} Bd6 {[%clk 0:13:22]} 14. Qc2 {[%clk 0:12:49]} Bxf3
{[%clk 0:12:49]} 15. gxf3 {[%clk 0:12:47]} Qd7 {[%clk 0:12:22]} 16. Bf5
{[%clk 0:12:30]} Qd8 {[%clk 0:12:05]} 17. Ne4 {[%clk 0:12:08]} g6
{[%clk 0:11:03]} 18. Qd2 {[%clk 0:10:22]} Nh5 {[%clk 0:09:36]} 19. Nxd6
{[%clk 0:10:02]} Qxd6 {[%clk 0:09:34]} 20. Bd3 {[%clk 0:09:18]} Nf4
{[%clk 0:09:31]} 21. Bf1 {[%clk 0:09:15]} Rfe8 {[%clk 0:09:07]} 22. Rac1
{[%clk 0:08:56]} Rad8 {[%clk 0:08:53]} 23. Rc3 {[%clk 0:08:38]} Qd7
{[%clk 0:08:38]} 24. Kh2 {[%clk 0:08:30]} Qf5 {[%clk 0:08:23]} 25. Qe3
{[%clk 0:07:23]} b6 {[%clk 0:07:56]} 26. a3 {[%clk 0:07:16]} Qd7 {[%clk 0:06:27]}
27. Qd2 {[%clk 0:06:45]} Ne6 {[%clk 0:06:14]} 28. Qh6 {[%clk 0:06:05]} Nf4
{[%clk 0:05:58]} 29. Rce3 {[%clk 0:05:46]} Qf5 {[%clk 0:05:41]} 30. Qh4
{[%clk 0:05:12]} Rd6 {[%clk 0:05:20]} 31. Qg4 {[%clk 0:04:58]} Qf6
{[%clk 0:05:03]} 32. Re4 {[%clk 0:04:44]} h5 {[%clk 0:04:26]} 33. Qg3
{[%clk 0:04:10]} g5 {[%clk 0:04:20]} 34. h4 {[%clk 0:03:49]} Kh8 {[%clk 0:02:48]}
35. hxg5 {[%clk 0:03:42]} Qg7 {[%clk 0:02:28]} 36. Rxf4 {[%clk 0:03:30]} Rg6
{[%clk 0:02:04]} 37. Rf5 {[%clk 0:03:15]} f6 {[%clk 0:01:52]} 38. gxf6
{[%clk 0:02:58]} Rxf6 {[%clk 0:00:48]} 39. Rxh5+ {[%clk 0:02:44]} Rh6
{[%clk 0:00:40]} 40. Qxg7+ {[%clk 0:02:37]} 1-0

[Event "II. rocnik Poharu plk. gst. Aloise Parala"]
[Site "?"]
[Date "2024.04.20"]
[Round "7.7"]
[White "Kabat, Josef"]
[Black "Hrdlicka, Vladan"]
[Result "0-1"]
[BlackElo "1894"]
[WhiteElo "1854"]
[LiveChessVersion "1.4.8"]

1. e4 {[%clk 0:14:57]} c5 {[%clk 0:14:58]} 2. c3 {[%clk 0:14:51]} Nf6
{[%clk 0:14:56]} 3. e5 {[%clk 0:14:38]} Nd5 {[%clk 0:14:53]} 4. d4
{[%clk 0:14:26]} cxd4 {[%clk 0:14:49]} 5. cxd4 {[%clk 0:14:23]} e6
{[%clk 0:14:48]} 6. a3 {[%clk 0:14:11]} Nc6 {[%clk 0:14:46]} 7. Nc3
{[%clk 0:14:06]} Nxc3 {[%clk 0:14:40]} 8. bxc3 {[%clk 0:14:04]} d5
{[%clk 0:14:37]} 9. Nf3 {[%clk 0:13:42]} Bd7 {[%clk 0:14:34]} 10. Bd3
{[%clk 0:13:20]} Na5 {[%clk 0:14:28]} 11. Nd2 {[%clk 0:12:16]} Rc8
{[%clk 0:14:23]} 12. Qe2 {[%clk 0:11:35]} Rxc3 {[%clk 0:13:57]} 13. Bb2
{[%clk 0:10:47]} Rc8 {[%clk 0:13:34]} 14. O-O {[%clk 0:10:35]} Be7
{[%clk 0:13:29]} 15. Rac1 {[%clk 0:10:26]} Rxc1 {[%clk 0:13:08]} 16. Rxc1
{[%clk 0:10:23]} Qb6 {[%clk 0:11:30]} 17. Bc3 {[%clk 0:09:09]} Nc6
{[%clk 0:11:11]} 18. Rb1 {[%clk 0:09:03]} Qc7 {[%clk 0:10:32]} 19. a4
{[%clk 0:08:33]} O-O {[%clk 0:10:06]} 20. Nb3 {[%clk 0:07:37]} Nxe5
{[%clk 0:09:05]} 21. Ba5 {[%clk 0:06:48]} b6 {[%clk 0:09:01]} 22. Bxb6
{[%clk 0:06:27]} axb6 {[%clk 0:08:59]} 23. dxe5 {[%clk 0:06:04]} Bxa4
{[%clk 0:08:47]} 24. Rc1 {[%clk 0:05:47]} Qb8 {[%clk 0:08:03]} 25. Nd4
{[%clk 0:05:27]} Rc8 {[%clk 0:07:50]} 26. Rxc8+ {[%clk 0:05:18]} Qxc8
{[%clk 0:07:48]} 27. h3 {[%clk 0:05:14]} Qc5 {[%clk 0:07:19]} 28. Qe3
{[%clk 0:04:16]} h6 {[%clk 0:07:05]} 29. Kh2 {[%clk 0:03:58]} Bg5
{[%clk 0:06:48]} 30. f4 {[%clk 0:03:43]} Bd8 {[%clk 0:06:30]} 31. Bb1
{[%clk 0:03:17]} Qc4 {[%clk 0:05:41]} 32. Bd3 {[%clk 0:02:09]} Qc5
{[%clk 0:05:24]} 33. Bb1 {[%clk 0:01:51]} Bd7 {[%clk 0:04:36]} 34. Qd3
{[%clk 0:01:47]} g6 {[%clk 0:04:27]} 35. Nf3 {[%clk 0:01:22]} b5 {[%clk 0:04:06]}
36. h4 {[%clk 0:01:15]} Bb6 {[%clk 0:03:44]} 37. h5 {[%clk 0:01:07]} Qc4
{[%clk 0:03:40]} 38. hxg6 {[%clk 0:00:37]} Qxf4+ {[%clk 0:03:31]} 39. g3
{[%clk 0:00:34]} Qf5 {[%clk 0:01:25]} 40. gxf7+ {[%clk 0:00:27]} Qxf7
{[%clk 0:01:19]} 41. Qd2 {[%clk 0:00:16]} Qg7 {[%clk 0:01:07]} 42. Nh4
{[%clk 0:00:14]} Qg5 {[%clk 0:00:51]} 43. Qd3 {[%clk 0:00:10]} Qg7
{[%clk 0:00:45]} 44. Ng6 {[%clk 0:00:08]} Be8 {[%clk 0:00:34]} 45. Nf4
{[%clk 0:00:06]} Bf7 {[%clk 0:00:30]} 0-1

[Event "II. rocnik Poharu plk. gst. Aloise Parala"]
[Site "?"]
[Date "2024.04.20"]
[Round "7.8"]
[White "Kures, Miroslav"]
[Black "Lacko, Dusan"]
[Result "1-0"]
[BlackElo "1750"]
[WhiteElo "1653"]
[LiveChessVersion "1.4.8"]

1. d4 {[%clk 0:15:00]} Nf6 {[%clk 0:14:55]} 2. f4 {[%clk 0:14:58]} g6
{[%clk 0:14:45]} 3. Nf3 {[%clk 0:14:57]} Bg7 {[%clk 0:14:43]} 4. e3
{[%clk 0:14:56]} d6 {[%clk 0:14:38]} 5. Bd3 {[%clk 0:14:54]} O-O {[%clk 0:14:33]}
6. O-O {[%clk 0:14:52]} Bg4 {[%clk 0:14:25]} 7. Bd2 {[%clk 0:14:50]} Nbd7
{[%clk 0:14:19]} 8. Be1 {[%clk 0:14:47]} d5 {[%clk 0:13:48]} 9. Nbd2
{[%clk 0:14:42]} c5 {[%clk 0:13:36]} 10. c3 {[%clk 0:14:39]} Qb6 {[%clk 0:13:12]}
11. Qb3 {[%clk 0:14:25]} Qxb3 {[%clk 0:12:56]} 12. axb3 {[%clk 0:14:18]} cxd4
{[%clk 0:12:42]} 13. exd4 {[%clk 0:14:13]} Bxf3 {[%clk 0:12:12]} 14. Rxf3
{[%clk 0:13:58]} Nb6 {[%clk 0:11:44]} 15. Bh4 {[%clk 0:13:51]} Rfe8
{[%clk 0:11:33]} 16. h3 {[%clk 0:13:37]} e6 {[%clk 0:11:14]} 17. g4
{[%clk 0:13:13]} Rad8 {[%clk 0:10:27]} 18. Rxa7 {[%clk 0:12:49]} Rb8
{[%clk 0:09:50]} 19. Re3 {[%clk 0:12:33]} Nc8 {[%clk 0:09:38]} 20. Ra1
{[%clk 0:12:20]} h6 {[%clk 0:09:14]} 21. Nf3 {[%clk 0:12:13]} Nd7
{[%clk 0:08:56]} 22. Bb5 {[%clk 0:11:53]} Ncb6 {[%clk 0:08:15]} 23. Ne5
{[%clk 0:11:21]} Red8 {[%clk 0:07:47]} 24. Bxd8 {[%clk 0:11:15]} Rxd8
{[%clk 0:07:45]} 25. Nxd7 {[%clk 0:11:03]} Nxd7 {[%clk 0:07:42]} 26. Bxd7
{[%clk 0:10:57]} Rxd7 {[%clk 0:07:40]} 27. Ra8+ {[%clk 0:10:42]} Kh7
{[%clk 0:07:30]} 28. Rb8 {[%clk 0:10:26]} Rc7 {[%clk 0:07:11]} 29. h4
{[%clk 0:10:18]} Re7 {[%clk 0:05:28]} 30. Kg2 {[%clk 0:10:17]} f6
{[%clk 0:05:18]} 31. Kg3 {[%clk 0:10:15]} h5 {[%clk 0:04:49]} 32. g5
{[%clk 0:09:54]} fxg5 {[%clk 0:04:41]} 33. fxg5 {[%clk 0:09:49]} Rf7
{[%clk 0:04:18]} 34. Rf3 {[%clk 0:09:47]} 1-0